| 000 | 00628 a2200169 4500 | ||
|---|---|---|---|
| 999 |
_c723 _d723 |
||
| 020 | _a0942364090 | ||
| 050 | 0 | 0 | _aRA771 WER 1982 |
| 100 | 1 |
_aWerner, David, _d1934- |
|
| 245 | 1 | 0 |
_aHelping health workers learn : _ba book of methods, aids, and ideas for instructors at the village level / _cDavid Werner and Bill Bower ; drawings by David Werner ... [et al.]. |
| 264 |
_aPalo Alto _bHesperian Foundation _c1982 |
||
| 300 |
_a1 v. (various pagings) : _bill. ; |
||
| 500 | _aIncludes index. | ||
| 650 | 0 |
_aMedicine, Rural _xStudy and teaching. |
|
| 650 | 0 | _aHealth education. | |
| 700 | 1 | _aBower, Bill. | |
| 942 |
_2lcc _cBK _h771 _iWER _kRA |
||